<?xml version="1.0" encoding="UTF-8"?>
<record
    xmlns:xsi="http://www.w3.org/2001/XMLSchema-instance"
    xsi:schemaLocation="http://www.loc.gov/MARC21/slim http://www.loc.gov/standards/marcxml/schema/MARC21slim.xsd"
    xmlns="http://www.loc.gov/MARC21/slim">

  <leader>01277nam a22002417a 4500</leader>
  <controlfield tag="005">20170123164203.0</controlfield>
  <datafield tag="010" ind1=" " ind2=" ">
    <subfield code="a">B-082492</subfield>
  </datafield>
  <datafield tag="020" ind1=" " ind2=" ">
    <subfield code="c">70.00</subfield>
    <subfield code="a">8123737300</subfield>
  </datafield>
  <datafield tag="035" ind1=" " ind2=" ">
    <subfield code="a">B-082492</subfield>
  </datafield>
  <datafield tag="037" ind1=" " ind2=" ">
    <subfield code="b">Cen Lib / Ret</subfield>
  </datafield>
  <datafield tag="040" ind1=" " ind2=" ">
    <subfield code="a">DPL</subfield>
    <subfield code="b">PN</subfield>
  </datafield>
  <datafield tag="082" ind1=" " ind2=" ">
    <subfield code="a">370.118</subfield>
    <subfield code="b">&#xA2E;&#xA3E;&#xA15;&#xA40;&#xA17;&#xA41;</subfield>
  </datafield>
  <datafield tag="245" ind1=" " ind2=" ">
    <subfield code="a">&#xA15;&#xA4D;&#xA30;&#xA3F;&#xA06;&#xA24;&#xA2E;&#xA15; &#xA1C;&#xA40;&#xA35;&#xA28; &#xA32;&#xA08; &#xA38;&#xA3F;&#xA16;&#xA3F;&#xA06; :</subfield>
    <subfield code="c">&#xA38;&#xA70;&#xA2A;&#xA3E;&#xA26;&#xA15; &#xA14;&#xA2E;. &#xA2C;&#xA4C;&#xA25;&#xA32; ; &#xA05;&#xA28;&#xA41;&#xA35;&#xA3E;&#xA26;&#xA15;  &#xA17;&#xA41;&#xA30;&#xA1A;&#xA30;&#xA28; &#xA38;&#xA3F;&#xA70;&#xA18; &#xA05;&#xA30;&#xA38;&#xA3C;&#xA40;</subfield>
    <subfield code="b">&#xA38;&#xA41;&#xA28;&#xA47;&#xA2E;&#xA3E;&#xA2C;&#xA41;&#xA30;&#xA4B; &#xA38;&#xA15;&#xA40;&#xA17;&#xA41;&#xA1A;&#xA40; &#xA26;&#xA47; &#xA35;&#xA3F;&#xA1A;&#xA3E;&#xA30; &#xA05;&#xA24;&#xA47; &#xA38;&#xA41;&#xA1D;&#xA3E;&#xA09; /</subfield>
  </datafield>
  <datafield tag="246" ind1=" " ind2=" ">
    <subfield code="a">Education for creative living : ideas and proposals of Trunesaburo Makiguchi  /</subfield>
    <subfield code="b">edited by M. Baukhal ; translated by Gurcharn Singh Arshi</subfield>
  </datafield>
  <datafield tag="260" ind1=" " ind2=" ">
    <subfield code="a">&#xA28;&#xA35;&#xA40;&#xA02; &#xA26;&#xA3F;&#xA71;&#xA32;&#xA40;</subfield>
    <subfield code="b">&#xA28;&#xA48;&#xA38;&#xA3C;&#xA28;&#xA32; &#xA2C;&#xA41;&#xA15; &#xA1F;&#xA71;&#xA30;&#xA38;&#xA1F;</subfield>
    <subfield code="c">2002</subfield>
  </datafield>
  <datafield tag="270" ind1=" " ind2=" ">
    <subfield code="a">&#xA0F;-5 &#xA17;&#xA30;&#xA40;&#xA28; &#xA2A;&#xA3E;&#xA30;&#xA15; </subfield>
    <subfield code="b">&#xA28;&#xA35;&#xA40;&#xA02; &#xA26;&#xA3F;&#xA71;&#xA32;&#xA40;</subfield>
    <subfield code="e">110016</subfield>
  </datafield>
  <datafield tag="300" ind1=" " ind2=" ">
    <subfield code="a">260p.</subfield>
    <subfield code="c">21cm(Hb)</subfield>
  </datafield>
  <datafield tag="650" ind1=" " ind2=" ">
    <subfield code="a">Social &amp; ecclesiastical theology  </subfield>
    <subfield code="9">139653</subfield>
  </datafield>
  <datafield tag="650" ind1=" " ind2=" ">
    <subfield code="a"> &#xA38;&#xA4B;&#xA38;&#xA3C;&#xA32; &#xA05;&#xA24;&#xA47; &#xA27;&#xA3E;&#xA30;&#xA2E;&#xA3F;&#xA15; &#xA38;&#xA3C;&#xA3E;&#xA38;&#xA24;&#xA30;</subfield>
    <subfield code="9">139654</subfield>
  </datafield>
  <datafield tag="700" ind1=" " ind2=" ">
    <subfield code="a">&#xA2C;&#xA4C;&#xA25;&#xA32;, &#xA14;&#xA2E;.</subfield>
    <subfield code="9">14217</subfield>
  </datafield>
  <datafield tag="700" ind1=" " ind2=" ">
    <subfield code="a">&#xA05;&#xA30;&#xA38;&#xA3C;&#xA40;, &#xA17;&#xA41;&#xA30;&#xA1A;&#xA30;&#xA28; &#xA38;&#xA3F;&#xA70;&#xA18;</subfield>
    <subfield code="9">142864</subfield>
  </datafield>
  <datafield tag="942" ind1=" " ind2=" ">
    <subfield code="2">ddc</subfield>
    <subfield code="c">PN</subfield>
    <subfield code="h">370.118</subfield>
    <subfield code="m">&#xA2E;&#xA3E;&#xA15;&#xA40;&#xA17;&#xA41;</subfield>
  </datafield>
  <datafield tag="999" ind1=" " ind2=" ">
    <subfield code="c">111219</subfield>
    <subfield code="d">111219</subfield>
  </datafield>
  <datafield tag="952" ind1=" " ind2=" ">
    <subfield code="0">0</subfield>
    <subfield code="1">0</subfield>
    <subfield code="4">0</subfield>
    <subfield code="7">0</subfield>
    <subfield code="a">L</subfield>
    <subfield code="b">L</subfield>
    <subfield code="d">2016-03-18</subfield>
    <subfield code="e">Cen Lib/Ret</subfield>
    <subfield code="g">70.00</subfield>
    <subfield code="l">0</subfield>
    <subfield code="o">370.118 &#xA2E;&#xA3E;&#xA15;&#xA40;&#xA17;&#xA41;</subfield>
    <subfield code="p">B-082492</subfield>
    <subfield code="r">2016-03-18 00:00:00</subfield>
    <subfield code="t">1</subfield>
    <subfield code="v">70.00</subfield>
    <subfield code="w">2016-03-18</subfield>
    <subfield code="y">PN</subfield>
  </datafield>
</record>
